Introduction to plasma physics and controlled fusion.. (Record no. 30287)
[ view plain ]
| 000 -LEADER | |
|---|---|
| fixed length control field | 00824 a2200181 4500 |
| 020 ## - INTERNATIONAL STANDARD BOOK NUMBER | |
| International Standard Book Number | 0306413329 |
| 020 ## - INTERNATIONAL STANDARD BOOK NUMBER | |
| International Standard Book Number | 9780306413322 |
| 082 ## - DEWEY DECIMAL CLASSIFICATION NUMBER | |
| Classification number | 530.44 |
| 090 ## - LOCALLY ASSIGNED LC-TYPE CALL NUMBER (OCLC); LOCAL CALL NUMBER (RLIN) | |
| -- | 1679 |
| -- | 1679 |
| 100 1# - MAIN ENTRY--PERSONAL NAME | |
| Personal name | Chen, Francis F. |
| 245 10 - TITLE STATEMENT | |
| Title | Introduction to plasma physics and controlled fusion.. |
| Number of part/section of a work | Volume 1, plasma physics / |
| Statement of responsibility, etc. | Francis F. Chen. |
| 260 ## - PUBLICATION, DISTRIBUTION, ETC. | |
| Place of publication, distribution, etc. | [S.l.] : |
| Name of publisher, distributor, etc. | Springer, |
| Date of publication, distribution, etc. | 1974. |
| 300 ## - PHYSICAL DESCRIPTION | |
| Extent | 421 p. ; |
| Dimensions | 24 cm. |
| 942 ## - ADDED ENTRY ELEMENTS (KOHA) | |
| Institution code [OBSOLETE] | SNS |
| Koha item type | Book |
| Call number prefix | 530.44 CHE |
| Withdrawn status | Lost status | Damaged status | Not for loan | Permanent Location | Current Location | Date acquired | Total Checkouts | Total Renewals | Full call number | Barcode | Date last seen | Date last checked out | Price effective from | Koha item type | Source of classification or shelving scheme | Shelving location |
|---|---|---|---|---|---|---|---|---|---|---|---|---|---|---|---|---|
| School of Natural Sciences (SNS) | School of Natural Sciences (SNS) | 05/26/2016 | 4 | 1 | 530.44 CHE | SNS0001874 | 09/09/2024 | 03/21/2024 | 05/26/2016 | Book | ||||||
| School of Natural Sciences (SNS) | School of Natural Sciences (SNS) | 05/26/2016 | 4 | 3 | 530.44 CHE | SNS0001873 | 05/29/2024 | 08/05/2022 | 05/26/2016 | Book | ||||||
| Not For Loan | School of Natural Sciences (SNS) | School of Natural Sciences (SNS) | 05/26/2016 | 530.44 CHE | SNS0001872 | 01/29/2020 | 05/26/2016 | Book | Reference |
